[Event "MOKATE Polish Women's Championship"]
[Site "chess24.com"]
[Date "2019.05.12"]
[Round "2"]
[White "Rajlich, Iweta"]
[Black "Sliwicka, Alicja"]
[Result "1-0"]
[Board "3"]
[WhiteElo "2378"]
[WhiteTitle "IM"]
[WhiteCountry "POL"]
[WhiteFideId "1108166"]
[WhiteEloChange "7"]
[BlackElo "2271"]
[BlackTitle "WIM"]
[BlackCountry "POL"]
[BlackFideId "1150677"]
[BlackEloChange "-7"]

1. d4 {[%clk 1:30:58]} Nf6 {[%clk 1:30:54]} 2. g3 {[%clk 1:31:26]} g6 {[%clk
1:31:04]} 3. Bg2 {[%clk 1:31:50]} Bg7 {[%clk 1:31:04]} 4. Nc3 {[%clk 1:31:46]} d5
{[%clk 1:29:42]} 5. Bg5 {[%clk 1:31:22]} c6 {[%clk 1:27:00]} 6. Qd2 {[%clk
1:30:53]} h6 {[%clk 1:20:59]} 7. Bf4 {[%clk 1:30:54]} Nbd7 {[%clk 1:16:58]} 8. h4
{[%clk 1:30:43]} Nh5 {[%clk 0:53:50]} 9. Nf3 {[%clk 1:28:58]} a5 {[%clk 0:47:00]}
10. Rd1 {[%clk 1:26:02]} a4 {[%clk 0:40:38]} 11. Be3 {[%clk 1:14:14]} b5 {[%clk
0:35:31]} 12. Ne5 {[%clk 1:07:18]} Nxe5 {[%clk 0:33:36]} 13. dxe5 {[%clk
1:07:40]} Be6 {[%clk 0:30:21]} 14. Qd4 {[%clk 1:00:12]} Qc7 {[%clk 0:27:25]} 15.
Bf4 {[%clk 0:58:10]} Nxf4 {[%clk 0:26:56]} 16. gxf4 {[%clk 0:58:25]} Rb8 {[%clk
0:23:37]} 17. Qc5 {[%clk 0:52:58]} Qb6 {[%clk 0:23:28]} 18. Qxb6 {[%clk 0:53:14]}
Rxb6 {[%clk 0:23:55]} 19. e4 {[%clk 0:52:29]} dxe4 {[%clk 0:23:27]} 20. Bxe4
{[%clk 0:52:06]} h5 {[%clk 0:20:56]} 21. b3 {[%clk 0:49:35]} axb3 {[%clk
0:19:56]} 22. axb3 {[%clk 0:49:42]} O-O {[%clk 0:19:25]} 23. Rg1 {[%clk 0:49:16]}
Rc8 {[%clk 0:12:31]} 24. Ke2 {[%clk 0:42:05]} Kf8 {[%clk 0:11:59]} 25. Ke3 {[%clk
0:39:02]} Bh6 {[%clk 0:07:08]} 26. Bxg6 {[%clk 0:33:35]} fxg6 {[%clk 0:06:59]}
27. Rxg6 {[%clk 0:33:39]} Bf7 {[%clk 0:06:54]} 28. Rxh6 {[%clk 0:28:35]} Kg7
{[%clk 0:07:18]} 29. Nd5 {[%clk 0:27:08]} Rbb8 {[%clk 0:04:02]} 30. Nxe7 {[%clk
0:26:47]} Kxh6 {[%clk 0:04:23]} 31. Rd6+ {[%clk 0:23:40]} Kg7 {[%clk 0:04:44]}
32. Nxc8 {[%clk 0:19:54]} Rxc8 {[%clk 0:05:10]} 33. f5 {[%clk 0:20:05]} Be8
{[%clk 0:03:55]} 34. Kf4 {[%clk 0:19:13]} c5 {[%clk 0:02:55]} 35. f6+ {[%clk
0:15:25]} Kg6 {[%clk 0:02:56]} 36. Rd1 {[%clk 0:15:18]} c4 {[%clk 0:02:13]} 37.
Rg1+ {[%clk 0:15:28]} Kf7 {[%clk 0:02:02]} 38. Rg7+ {[%clk 0:15:25]} Ke6 {[%clk
0:02:29]} 39. Re7+ {[%clk 0:15:48]} Kd5 {[%clk 0:02:56]} 40. Kf5 {[%clk 0:44:15]}
cxb3 {[%clk 0:32:05]} 41. cxb3 {[%clk 0:44:07]} b4 {[%clk 0:30:24]} 42. Rxe8
{[%clk 0:36:55]} Rxe8 {[%clk 0:30:19]} 43. f7 {[%clk 0:35:54]} Rxe5+ {[%clk
0:22:52]} 44. Kf4 {[%clk 0:33:56]} Kd4 {[%clk 0:21:26]} 45. f8Q {[%clk 0:33:55]}
Rf5+ {[%clk 0:21:54]} 46. Kxf5 {[%clk 0:33:58]} 1-0

[Event "MOKATE Polish Women's Championship"]
[Site "chess24.com"]
[Date "2019.05.18"]
[Round "8"]
[White "Sliwicka, Alicja"]
[Black "Dwilewicz, Katarzyna"]
[Result "0-1"]
[Board "5"]
[WhiteElo "2271"]
[WhiteTitle "WIM"]
[WhiteCountry "POL"]
[WhiteFideId "1150677"]
[WhiteEloChange "-16"]
[BlackElo "2028"]
[BlackTitle "WFM"]
[BlackCountry "POL"]
[BlackFideId "1148486"]
[BlackEloChange "16"]

1. e4 {[%clk 1:30:58]} c5 {[%clk 1:30:50]} 2. Nf3 {[%clk 1:31:22]} d6 {[%clk
1:31:14]} 3. d4 {[%clk 1:31:48]} cxd4 {[%clk 1:31:37]} 4. Qxd4 {[%clk 1:32:13]}
a6 {[%clk 1:29:29]} 5. c4 {[%clk 1:32:25]} Nc6 {[%clk 1:29:24]} 6. Qd2 {[%clk
1:29:56]} Nf6 {[%clk 1:26:46]} 7. Nc3 {[%clk 1:30:13]} g6 {[%clk 1:25:24]} 8. b3
{[%clk 1:28:47]} Bg7 {[%clk 1:25:23]} 9. Bb2 {[%clk 1:27:44]} O-O {[%clk
1:25:34]} 10. Be2 {[%clk 1:24:22]} Qa5 {[%clk 1:17:41]} 11. Nd5 {[%clk 1:07:38]}
Qxd2+ {[%clk 1:02:42]} 12. Nxd2 {[%clk 1:07:58]} Nxd5 {[%clk 1:02:59]} 13. Bxg7
{[%clk 1:08:11]} Kxg7 {[%clk 1:03:22]} 14. cxd5 {[%clk 1:01:35]} Nd4 {[%clk
1:02:26]} 15. Rc1 {[%clk 0:58:07]} Rd8 {[%clk 0:48:29]} 16. Rc7 {[%clk 0:44:30]}
Rd7 {[%clk 0:46:18]} 17. Rc4 {[%clk 0:44:11]} e5 {[%clk 0:45:03]} 18. Nf3 {[%clk
0:41:22]} b5 {[%clk 0:42:32]} 19. Rc3 {[%clk 0:38:57]} b4 {[%clk 0:33:09]} 20.
Rc4 {[%clk 0:36:31]} Nxe2 {[%clk 0:32:48]} 21. Kxe2 {[%clk 0:36:56]} a5 {[%clk
0:33:15]} 22. Kd2 {[%clk 0:36:04]} Ba6 {[%clk 0:27:13]} 23. Rc6 {[%clk 0:34:37]}
Bb7 {[%clk 0:25:41]} 24. Rc2 {[%clk 0:30:43]} f5 {[%clk 0:25:08]} 25. Ke3 {[%clk
0:28:35]} fxe4 {[%clk 0:21:06]} 26. Kxe4 {[%clk 0:27:59]} Rf8 {[%clk 0:20:56]}
27. Rd1 {[%clk 0:27:14]} h6 {[%clk 0:21:05]} 28. Ng1 {[%clk 0:24:02]} g5 {[%clk
0:17:43]} 29. Ke3 {[%clk 0:22:30]} Kf6 {[%clk 0:17:47]} 30. Ne2 {[%clk 0:22:23]}
Ke7 {[%clk 0:18:00]} 31. Ng3 {[%clk 0:20:26]} Kd8 {[%clk 0:17:06]} 32. Ne4 {[%clk
0:19:04]} Rc7 {[%clk 0:16:54]} 33. Rxc7 {[%clk 0:13:49]} Kxc7 {[%clk 0:17:20]}
34. f3 {[%clk 0:13:03]} Kd7 {[%clk 0:17:00]} 35. g4 {[%clk 0:11:09]} Rc8 {[%clk
0:15:06]} 36. Rd2 {[%clk 0:11:35]} Ke7 {[%clk 0:13:45]} 37. Kf2 {[%clk 0:07:18]}
Rc1 {[%clk 0:13:17]} 38. Kg2 {[%clk 0:06:22]} Ba6 {[%clk 0:10:50]} 39. Ng3 {[%clk
0:05:23]} Bc8 {[%clk 0:10:10]} 40. Nf1 {[%clk 0:34:41]} Bb7 {[%clk 0:32:49]} 41.
Ne3 {[%clk 0:34:36]} Rc5 {[%clk 0:28:30]} 42. Kg3 {[%clk 0:31:17]} Kd7 {[%clk
0:27:31]} 43. h4 {[%clk 0:29:40]} Rc3 {[%clk 0:19:08]} 44. Kf2 {[%clk 0:21:09]}
gxh4 {[%clk 0:19:04]} 45. Nc4 {[%clk 0:19:46]} Kc7 {[%clk 0:12:25]} 46. Nxa5
{[%clk 0:19:06]} Kb6 {[%clk 0:12:38]} 47. Nxb7 {[%clk 0:16:58]} Kxb7 {[%clk
0:13:07]} 48. f4 {[%clk 0:14:59]} Rh3 {[%clk 0:11:33]} 49. Rd1 {[%clk 0:13:57]}
Rh2+ {[%clk 0:06:39]} 50. Kg1 {[%clk 0:14:00]} Rxa2 {[%clk 0:07:01]} 51. fxe5
{[%clk 0:08:39]} dxe5 {[%clk 0:07:29]} 52. d6 {[%clk 0:07:41]} Kc8 {[%clk
0:05:40]} 53. Rd5 {[%clk 0:07:24]} Rb2 {[%clk 0:05:16]} 54. Rxe5 {[%clk 0:06:56]}
Rxb3 {[%clk 0:05:35]} 55. Kh2 {[%clk 0:06:40]} Rg3 {[%clk 0:05:12]} 56. Re4
{[%clk 0:06:26]} b3 {[%clk 0:05:28]} 57. Rb4 {[%clk 0:06:16]} Kd7 {[%clk
0:05:00]} 58. Rb6 {[%clk 0:06:28]} Rc3 {[%clk 0:04:33]} 59. Kg2 {[%clk 0:06:25]}
Ke6 {[%clk 0:03:54]} 60. Kh2 {[%clk 0:06:15]} Rd3 {[%clk 0:03:59]} 61. Kg2 {[%clk
0:06:17]} Kd7 {[%clk 0:02:48]} 62. Kh2 {[%clk 0:06:42]} Ke6 {[%clk 0:03:16]} 63.
Kg2 {[%clk 0:07:09]} Kd5 {[%clk 0:02:51]} 64. d7 {[%clk 0:06:37]} Kc4 {[%clk
0:03:01]} 65. Rc6+ {[%clk 0:04:51]} Kb4 {[%clk 0:03:12]} 66. Rxh6 {[%clk
0:04:37]} Rxd7 {[%clk 0:03:19]} 67. Rb6+ {[%clk 0:03:59]} Kc4 {[%clk 0:02:36]}
68. Kh3 {[%clk 0:03:44]} Rd5 {[%clk 0:02:46]} 69. Kxh4 {[%clk 0:03:32]} Rb5
{[%clk 0:02:57]} 70. Rc6+ {[%clk 0:03:57]} Kd3 {[%clk 0:02:59]} 71. Rc1 {[%clk
0:02:23]} b2 {[%clk 0:03:17]} 72. Rb1 {[%clk 0:02:50]} Kc2 {[%clk 0:03:44]} 73.
Rg1 {[%clk 0:02:08]} b1Q {[%clk 0:03:45]} 74. Rxb1 {[%clk 0:02:35]} Rxb1 {[%clk
0:03:54]} 75. Kg5 {[%clk 0:02:25]} Kd3 {[%clk 0:04:16]} 76. Kf6 {[%clk 0:01:25]}
Ke4 {[%clk 0:04:26]} 77. g5 {[%clk 0:01:45]} Rb6+ {[%clk 0:04:49]} 0-1